Statistiques concernant Football: Les Gloires du Passé (photos)

Cliquez ici pour prendre le quiz!

Statistiques générales

  • Ce quiz a été pris 403 fois
  • Le résultat moyen est 15 sur 20

Statistiques - réponses

Réponse% Correct
Pelé
100%
Diego Maradona
99%
Zinédine Zidane
99%
Michel Platini
97%
Johan Cruijff
94%
Francesco Totti
91%
Eusebio
87%
Raúl
86%
Steven Gerrard
86%
Garrincha
79%
George Best
76%
Ferenc Puskás
75%
Pavel Nedved
70%
Alfredo Di Stefano
67%
Dennis Bergkamp
60%
Franz Beckenbauer
58%
Lev Yachine
56%
Dino Zoff
48%
Stanley Matthews
12%
Hugo Sánchez
10%

Distribution des résultats

Percentile par nombre de réponses

% des personnes avec chaque résultat

Votre développement - résultats

Vous n’avez pas pris ce quiz